000 00255nam a2200097Ia 4500
082 _aT 331.702 SANN
245 0 _aChildcare worker
100 _a SANNA, Ellyn Broomall, Pa., 2003
_966827
942 _cBK
008 210817s9999 xx 000 0 und d
999 _c214713
_d214711